000 00318nam a2200145Ia 4500
100 _aTheraja/B.L.
942 _cBK
654 _aelectronics
245 _aBasic Electronics:Solid state
260 _bS.Chand and Co
_aNew Delhi
_c1988
082 _a621.381
_bTHE
300 _a1000
546 _aENGLISH
999 _c32089
_d32089